000 00389nam a22001337a 4500
020 _a0-07-028606-X
082 _a621.36 OPT'E
100 _aENGINEERING STAFF
_967139
245 _aOPTOELECTRONICS FIBER OPTICS APPLICATIONS MANUAL
260 _aNEWYORK
_bMCGRAW HILL
_c1981
300 _a15-23P
650 _aFIBER OPTICS OPTOELECTRONICS DEVICES LIGHT EMITTING DIODES
_967140
942 _cBK
999 _c574983
_d574983